000 00541nam a2200205Ia 4500
003 OSt
005 20230327102816.0
008 210423s2009 xx 000 0 und d
020 _a9788180522147
040 _cAL
041 _aeng
082 _a658 SANR
100 _aSANJEEV (Rinku);KHANNA (Parul).
_978127
245 _aEthics and values in business management.
260 _aNew Delhi
_bAne Books India
_c2009
300 _axiv,257
365 _b195
_cINR
906 _abusiness ; Ethics ; management. ; values
942 _2ddc
_cBK
999 _c156045
_d156045